Score 0/68 Timer 10:00
0 Plays Today
Hint Answer % Correct
Dean
99.4%
Sam
98.7%
Castiel
96.8%
Jo
96.2%
John
94.9%
Mary
93%
Crowley
92.4%
Bobby
92.4%
Lucifer
92.4%
Ellen
90.4%
Michael
86.6%
Jack
85.4%
Raphael
84.7%
Ruby
84.7%
Meg
83.4%
Gabriel
82.8%
Charlie
82.8%
Chuck
81.5%
Ash
80.3%
Ben
80.3%
Azazel
79.6%
Lisa
79.6%
Kevin
73.9%
Anna
73.2%
Rowena
72.6%
Uriel
72.6%
Zachariah
72.6%
Jody
71.3%
Amara
71.3%
Rufus
71.3%
Benny
70.7%
Metatron
69.4%
Claire
68.8%
Hannah
67.5%
Hint Answer % Correct
Garth
67.5%
Samuel
66.2%
Jess
65.6%
Bela
65%
Death
64.3%
Lilith
64.3%
Alastair
63.1%
Donna
62.4%
Balthazar
61.1%
Ed
60.5%
Gordon
58%
Gadreel
57.3%
Harry
57.3%
Eve
57.3%
Amelia
56.7%
Linda
56.7%
Kelly
56.1%
Samandriel
55.4%
Becky
55.4%
Dick Roman
55.4%
Cain
54.1%
Ketch
54.1%
Asmodeus
53.5%
Billie
52.9%
Abbadon
52.2%
Mick
47.8%
Missouri
42%
Eileen
39.5%
Jimmy
38.2%
Pestilence
36.9%
Kaia
35.7%
Nick
33.1%
Bartholomew
31.8%
Henriksen
21%
Remove Ads.
Support Sporcle.
Get the best of Sporcle when you Go Orange. This ad-free experience offers more features, more stats, and more fun while also helping to support Sporcle. Thank you for becoming a member.

You're not logged in!

Compare scores with friends on all Sporcle quizzes.
OR
Log In

You Might Also Like...

Show Comments

Extras

Top Quizzes Today


Score Distribution

Your Account Isn't Verified!

In order to create a playlist on Sporcle, you need to verify the email address you used during registration. Go to your Sporcle Settings to finish the process.

Report this User

Report this user for behavior that violates our Community Guidelines.

Details: